[Event "Wasselonne op"]
[Site "Wasselonne"]
[Date "2009.08.06"]
[Round "1"]
[White "Gebel, Eudes"]
[Black "Blum, Nicolas"]
[Result "0-1"]
[WhiteElo "1780"]
[BlackElo "2240"]
[PlyCount "68"]
[EventDate "2009.08.06"]
[EventType "swiss"]
[EventRounds "7"]
[EventCountry "FRA"]
[SourceTitle "EXT 2011"]
[Source "ChessBase"]
[SourceDate "2010.11.26"]
[SourceVersion "1"]
[SourceVersionDate "2010.11.26"]
[SourceQuality "1"]

1. e4 c5 2. Nc3 e6 3. f4 a6 4. a4 Nc6 5. Nf3 d5 6. e5 Nge7 7. b3 Nf5 8. Bd3 d4 9. Bxf5 exf5 10. Ne2 Be7 11. d3 b6 12. Ng3 h5 13. h4 g6 14. Qe2 Qd5 15. Bd2 Bb7 16. Kf1 0-0 17. Ng5 Nd8 18. Rh2 Kg7 19. c4 dxc3 20. Bxc3 Ne6 21. Nxe6+ fxe6 22. Qc2 Rfd8 23. Rd1 b5 24. Nh1 bxa4 25. bxa4 a5 26. g3 Qf3+ 27. Ke1 c4 28. d4 Be4 29. Qd2 Bd3 30. Qf2 Qe4+ 31. Kd2 Bb4 32. Re1 Qb7 33. Qg1 Bxc3+ 34. Kxc3 Qb4# 0-1